Responses for Show #6409 - Thursday, June 28, 2012

Contestants

[<< previous game]

Lindsay Shields, a grants and contracts coordinator from Sunnyside, New York

Amy Paull, a stay-at-home mom from The Woodlands, Texas

Anna-Lise Santella, an editor and musicologist from Trout Valley, Illinois (whose 1-day cash winnings total $15,400)

[next game >>]

Jeopardy! Round responses

PEN NAMES
FRUITY RHYME TIME
BUSINESS & INDUSTRY
THIS & THAT
MARX
LENNON
    $200 1
C. S. Lewis

Anna-Lise
    $200 7
a scary cherry

Amy
    $200 16
Staples

Lindsay
    $200 15
celsius

Amy
    $200 18
The Communist Manifesto

Lindsay
    $200 6
"Imagine"

Amy
    $400 2
Nancy Drew

Anna-Lise
    $400 8
a melon felon

Anna-Lise
    $400 23
Hallmark

Lindsay
    $400 27
Bonneville flats

Anna-Lise
    $400 19
Russia

Lindsay
    $400 12
(Amy: Who is Julian Lennon?)

Sean Lennon

AmyLindsay
    $600 3
John le Carré

Triple Stumper
    $600 9
a pear lair

Amy
    $600 24
Lexus

Amy
    $600 28
(Amy: What is 2000?)

1900

Amy
Triple Stumper
    $600 20
London

Triple Stumper
    $1,000 13
Strawberry Fields

Lindsay
    $800 4
Stan Lee

Lindsay
    $800 10
a grape cape

Amy
    $800 25
Tinkertoys

Amy
    $800 29
Leonardo Fibonacci

Triple Stumper
    $800 21
the proletariat

Lindsay
    $800 14
(Amy: What is "Yesterday"?)

"Help!"

Anna-LiseAmy
    $1000 5
Michael Crichton

Lindsay
    $1000 11
a beach peach

Anna-Lise
    $1000 26
Columbia Pictures

Triple Stumper
    $1000 30
The Flying Dutchman

Triple Stumper
    $1000 22
Das Kapital

Triple Stumper
    $1000 17
"Across The Universe"

Lindsay

Scores at the first commercial break (after clue 15):

Anna-Lise Amy Lindsay
$2,800 $800 $3,200

Scores at the end of the Jeopardy! Round:

Anna-Lise Amy Lindsay
$3,200 $1,600 $6,200

Double Jeopardy! Round responses

RAISE "A" GLASS
STATE CAPITAL BIRTHPLACES
AFRICAN-AMERICAN ACTRESSES
REACH FOR THE STARS
THE 14th CENTURY
PARTIAL OPPOSITES
    $400 3
an aperitif

Amy
    $400 15
Boston

Amy
    $400 9
The Help

Lindsay
    $400 8
Orion

Lindsay
    $400 1
the Slow Food movement

Anna-Lise
    $800 4
(Lindsay: What is Anheuser-Busch?)

Asahi

Lindsay
Triple Stumper
    $800 16
(Lindsay: What is Cheyenne?)

Lincoln, Nebraska

Lindsay
Triple Stumper
    $800 10
(Halle) Berry

Amy
    $800 11
Sirius

Amy
    $800 2
the northpaw

Triple Stumper
    $1200 5
(Amy: What is absinthe?)

aquavit

Amy
Triple Stumper
    $1200 23
Atlanta

Triple Stumper
    $1200 20
Angela Bassett

Lindsay
    $1200 12
Libra

Amy
    $1200 17
a whitesmith

Amy
    $1600 6
absinthe

Anna-Lise
    $1600 24
Hartford, Connecticut

Triple Stumper
    $1600 21
Cicely Tyson

Triple Stumper
    $1600 13
the Big Dipper

Amy
    $1600 27
[The end-of-round signal sounds.]

green

Amy
    $1,000 18
underwhelmed

Amy
    $2000 7
armagnac

Anna-Lise
    $2000 25
Albany, New York

Triple Stumper
    $2000 22
Grey's Anatomy

Triple Stumper
    $1,000 14
Aquarius

Amy
    $2000 26
a clock

Triple Stumper
    $2000 19
insourcing

Lindsay

Scores at the end of the Double Jeopardy! Round:

Anna-Lise Amy Lindsay
$7,200 $10,400 $8,600

[wagering suggestions for these scores]

Final Jeopardy! Round responses

NOVEL TITLES
Anna-LiseWhat is The English Patient?
$1,401
LindsayWhat is A Moveable Feast?
$3,500
AmyWhat is Madame Bovary?
$6,801
Tropic of Cancer

Final scores:

Anna-Lise Amy Lindsay
$5,799 $3,599 $5,100
2-day champion: $21,199 3rd place: $1,000 2nd place: $2,000

Game dynamics:

Coryat scores:

Anna-Lise Amy Lindsay
$7,200 $12,000 $8,200
9 R,
0 W
17 R
(including 2 DDs),
4 W
14 R
(including 1 DD),
2 W

Combined Coryat: $27,400

[game clues] [game scores] [suggest correction]

Game tape date: 2012-02-15
The J! Archive is created by fans, for fans. Scraping, republication, monetization, and malicious use prohibited; this site may use cookies and collect identifying information. See terms. The Jeopardy! game show and all elements thereof, including but not limited to copyright and trademark thereto, are the property of Jeopardy Productions, Inc. and are protected under law. This website is not affiliated with, sponsored by, or operated by Jeopardy Productions, Inc. Join the discussion at JBoard.tv.